Bienvenido a nuestro catálago, Biblioteca Universidad Monteávila

Vista normal Vista MARC

Entrada Encabezamiento personal

Número de registros utilizados en: 6

001 - NÚMERO DE CONTROL

  • campo de control: 11953

003 - IDENTIFICADOR DEL NÚMERO DE CONTROL

  • campo de control: vecauma

005 - FECHA Y HORA DE LA ÚLTIMA TRANSACCIÓN

  • campo de control: 20240930202115.0

008 - DATOS DE LONGITUD FIJA

  • campo de control de longitud fija: 240930|| aca||aabn | a|a d

040 ## - FUENTE DE LA CATALOGACIÓN

  • Centro catalogador/agencia de origen: vecauma

053 ## - Clasificación de la Biblioteca del Congreso

  • Número de clasificación–único número o número inicial: BT430
  • Número de clasificación–último número : BT465

100 0# - ENCABEZAMIENTO-NOMBRE DE PERSONA

  • Nombre de persona: Jesucristo
  • Subdivisión general : Pasión

400 0# - TRAZADO DE VÉASE--NOMBRE DE PERSONA

  • Nombre personal: Jesus Christ --
  • Subdivisión general : Passion

400 0# - TRAZADO DE VÉASE--NOMBRE DE PERSONA

  • Nombre personal: Pasión de Cristo

670 ## - FUENTE EN LA QUE SE LOCALIZARON DATOS

  • Cita de la fuente: Catálogo de Autoridades de la Biblioteca del Congreso (LCSH),
  • Información localizada: (Jesus Christ-Passion)

Copyright @ UMA Library
Universidad Monteávila Caracas, Venezuela

Edif. Sede principal Universidad Monteávila. Av. El Buen Pastor. Boleíta Norte. Caracas. 
Customized by Universidad Monteávila

Con tecnología Koha